Prueba de Florida - Estadísticas

Estadísticas generales
  • Esta prueba ha sido intentada 19 veces
  • La puntuación promedio es 12 de 20
Estadísticas de respuestas
Hint Respuesta % Correcto
Ciudad más poblada por área metropolitana Miami
100%
Estados con los que limita Alabama
87%
País en el que nacieron alrededor de 1 millón de sus habitantes Cuba
87%
Océano que baña sur costas Océano Atlántico
87%
País a 80 kilómetros de las costas de Florida Bahamas
80%
Aves rosas abundantes en la región Flamenco
80%
Estados con los que limita Georgia
80%
Parque de atracciones más visitado Walt Disney World
80%
Reptil típico del territorio Aligátor
67%
El Centro Espacial Kennedy, de la NASA, está ubicado en Cabo _________ Cañaveral
60%
Rey español bajo cuyo mandato se conquistó Florida Felipe II
60%
Capital del estado Tallahassee
60%
Parque nacional más famoso Everglades
53%
Islas arenosas en la costa sur {Cayos} de Florida
47%
Gentilicio Floridano, -a
47%
Ciudad más poblada Jacksonville
47%
Estado al que Estados Unidos rehubicó al grupo nativo seminola después de 3 guerras Oklahoma
47%
Huracán que devastó Florida en 1992 Andrew
27%
Mamífero acuático oficial Manatí
20%
El 1% de la población habla una lengua criolla _______ Francesa
13%
No se encontraron pruebas coincidentes
Distribución de puntuación
Porcentaje de gente con cada puntuación
Porcentaje por número respondido
Historial de tus puntuaciones
No has intentado esta prueba.